<?xml version="1.0" encoding="UTF-8"?><?xml-stylesheet type="text/xsl" href="static/style.xsl"?><OAI-PMH xmlns="http://www.openarchives.org/OAI/2.0/" xmlns:xsi="http://www.w3.org/2001/XMLSchema-instance" xsi:schemaLocation="http://www.openarchives.org/OAI/2.0/ http://www.openarchives.org/OAI/2.0/OAI-PMH.xsd"><responseDate>2026-04-18T00:31:29Z</responseDate><request verb="GetRecord" identifier="oai:www.recercat.cat:2445/180993" metadataPrefix="marc">https://recercat.cat/oai/request</request><GetRecord><record><header><identifier>oai:recercat.cat:2445/180993</identifier><datestamp>2025-12-05T10:07:26Z</datestamp><setSpec>com_2072_1057</setSpec><setSpec>col_2072_478917</setSpec><setSpec>col_2072_478929</setSpec></header><metadata><record xmlns="http://www.loc.gov/MARC21/slim" xmlns:dcterms="http://purl.org/dc/terms/" xmlns:xsi="http://www.w3.org/2001/XMLSchema-instance" xmlns:doc="http://www.lyncode.com/xoai" xsi:schemaLocation="http://www.loc.gov/MARC21/slim http://www.loc.gov/standards/marcxml/schema/MARC21slim.xsd">
   <leader>00925njm 22002777a 4500</leader>
   <datafield ind2=" " ind1=" " tag="042">
      <subfield code="a">dc</subfield>
   </datafield>
   <datafield ind2=" " ind1=" " tag="720">
      <subfield code="a">Gornals Soler, Joan B.</subfield>
      <subfield code="e">author</subfield>
   </datafield>
   <datafield ind2=" " ind1=" " tag="720">
      <subfield code="a">Varas Lorenzo, Modesto José</subfield>
      <subfield code="e">author</subfield>
   </datafield>
   <datafield ind2=" " ind1=" " tag="720">
      <subfield code="a">Català, Isabel</subfield>
      <subfield code="e">author</subfield>
   </datafield>
   <datafield ind2=" " ind1=" " tag="720">
      <subfield code="a">Maisterra, Sandra</subfield>
      <subfield code="e">author</subfield>
   </datafield>
   <datafield ind2=" " ind1=" " tag="720">
      <subfield code="a">Pons Vilardell, Carles</subfield>
      <subfield code="e">author</subfield>
   </datafield>
   <datafield ind2=" " ind1=" " tag="720">
      <subfield code="a">Bargalló, Domingo</subfield>
      <subfield code="e">author</subfield>
   </datafield>
   <datafield ind2=" " ind1=" " tag="720">
      <subfield code="a">Serrano Piñol, M. Teresa</subfield>
      <subfield code="e">author</subfield>
   </datafield>
   <datafield ind2=" " ind1=" " tag="720">
      <subfield code="a">Fabregat Prous, Joan</subfield>
      <subfield code="e">author</subfield>
   </datafield>
   <datafield ind2=" " ind1=" " tag="260">
      <subfield code="c">2021-11-02T16:36:13Z</subfield>
   </datafield>
   <datafield ind2=" " ind1=" " tag="260">
      <subfield code="c">2021-11-02T16:36:13Z</subfield>
   </datafield>
   <datafield ind2=" " ind1=" " tag="260">
      <subfield code="c">2011-03-01</subfield>
   </datafield>
   <datafield ind2=" " ind1=" " tag="260">
      <subfield code="c">2021-11-02T16:36:14Z</subfield>
   </datafield>
   <datafield ind2=" " ind1=" " tag="520">
      <subfield code="a">Introducción: la localización y diagnóstico de los tumores neuroendocrinos (TNE) es difícil. La ultrasonografía endoscópica (USE) tiene un papel significativo en la detección de TNE sospechados por la clínica u otras técnicas de imagen, así como en la localización exacta y confirmación citológica mediante USEPAAF. Objetivo: valorar la utilidad y precisión de la PAAF-USE en el diagnóstico diferencial y de confirmación de los TNE, en una revisión retrospectiva de la experiencia de nuestro grupo. Pacientes y métodos: de un total de 55 enfermos con sospecha de TNE a los que se le practicó USE radial o sectorial, se detectaron 42 tumores en 40 casos. En 16 casos con sospecha de TNE funcionantes (trastornos hormonales: 6 casos) y no funcionantes (10 casos), se les practicó USE-PAAF con 22 G. En todos se efectuó Ki 67 o inmunocitoquímica (ICQ). Hubo confirmación quirúrgica en 9 casos (5 M y 4 V), con una media de edad de 51 años (rango: 41-81 años). Los tumores se localizaban todos en el páncreas, excepto uno en el mediastino y uno en el recto, con un tamaño medio de 19 mm (rango: 10-40 mm). Resultados: no hubo complicaciones atribuibles a la PAAF. La sensibilidad fue del 100% (8/8), y la precisión y el VPP fue del 89% (8/9), ya que hubo un falso positivo que en el estudio cito - lógico sugirió el diagnóstico de TNE pero que su resección quirúrgica confirmó el diagnóstico de tumor sólido seudopapilar del páncreas. Conclusiones: la USE-PAAF con 22 G de los TNE posee una alta sensibilidad y VPP en la confirmación citológica de estos pacientes, con muy escasas complicaciones.</subfield>
   </datafield>
   <datafield tag="653" ind2=" " ind1=" ">
      <subfield code="a">Endocrinologia</subfield>
   </datafield>
   <datafield tag="653" ind2=" " ind1=" ">
      <subfield code="a">Immunocitoquímica</subfield>
   </datafield>
   <datafield tag="653" ind2=" " ind1=" ">
      <subfield code="a">Immunohistoquímica</subfield>
   </datafield>
   <datafield tag="653" ind2=" " ind1=" ">
      <subfield code="a">Cromogranines</subfield>
   </datafield>
   <datafield tag="653" ind2=" " ind1=" ">
      <subfield code="a">Endocrinology</subfield>
   </datafield>
   <datafield tag="653" ind2=" " ind1=" ">
      <subfield code="a">Immunocytochemistry</subfield>
   </datafield>
   <datafield tag="653" ind2=" " ind1=" ">
      <subfield code="a">Immunohistochemistry</subfield>
   </datafield>
   <datafield tag="653" ind2=" " ind1=" ">
      <subfield code="a">Chromogranins</subfield>
   </datafield>
   <datafield ind2="0" ind1="0" tag="245">
      <subfield code="a">Diagnóstico definitivo de los tumores neuroendocrinos (TNE) mediante PAAF ecodirigida por ultrasonografía endoscópica (USE)</subfield>
   </datafield>
</record></metadata></record></GetRecord></OAI-PMH>